Culture Générale - Clic Quiz - La réponse est une pièce auto - Statistiques

Statistiques générales
  • Ce quiz a été pris 133 fois
  • Le résultat moyen est 20 sur 30
Statistiques - réponses
Hint Réponse % Correct
L'un des plus facilement reconnaissables dans le monde est celui de Nike avec sa virgule. Chez Peugeot, on y trouve un Lion Logo
94%
Compléte l'expression qui exprime l'idée de perdre ses nerfs, de s'énerver, de manière brusque : "péter une ___________ Durite
92%
En anatomie, os plat situé à l'articulation du genou avec le fémur Rotule
92%
Compléte le nom du sac conique utilisé en cuisine pour décorer ou garnir des mets : Poche à _________ Douille
91%
Compléte le nom du 1er groupe (de rock des années 80) de Manu Chao : _________ de culasse Joint
91%
Celui d'Alexandrie était considéré dans l'Antiquité comme la septième des Sept Merveilles du monde Phare
91%
Peut désigner une station essence ou une chaussure entre autres... Pompe
89%
39e président des États-Unis Carter
88%
Ancien métier qui était apparue avec l'éclairage public, pendant la révolution industrielle : __________ de réverbères Allumeur
82%
Support de film servant à une projection cinématographique Bobine
76%
Nom donné à une gifle sur une joue ou sur les deux, avec un gant (jusqu’au 19e siècle, devant témoins, il était le facteur déclencheur des duels les plus sanglants) Soufflet
75%
Cloque de la peau formée par une accumulation de sérosité Ampoule
73%
En astronautique et science-fiction, le plus célèbre est le LEM qui a atterri sur la Lune en 1969 Module
71%
Compléte le nom du film américain de Quentin Tarantino, sorti en 1992 : ___________Dogs Reservoir
70%
En botanique, peut être synonyme de bourgeon, qui désigne l'extrémité d'une plante Bouton
69%
Compléte le nom de la méthode de financement permettant d'accroître le ratio de rentabilité sur fonds propres d'une entreprise : effet de __________ Levier
67%
Organisme français spécialisé dans la récupération, le recyclage et le réemploi textile : Le ________ Relais
66%
Complete le nom des partisans au sein d'un État d'un autre État hostile : la cinquième __________ Colonne
64%
Franchise de basket-ball évoluant en NBA : les __________s de Détroit Piston
62%
Premier album solo du rappeur français Nekfeu sorti en 2015 qui devient "l'album musique urbaine de l'année" lors des 31e Victoires de la musique Feu
61%
Utilisé en photographie ou en cinématographie pour ajuster la température de couleur, de compenser l'exposition, ou de créer des effets optiques simples Filtre
61%
Equipement qui mesure une quantité physique et la convertit en signal Capteur
57%
Compléte le nom du roman de science-fiction de Robert Silverberg publié en 1969 : "Les __________s de la nuit" Aile
45%
En ornithologie, appareil utilisé pour connaître les parcours des oiseaux Bague
45%
Studio américain de création de jeux vidéo dont ses plus célèbres sont Half-Life et Counter-Strike Valve
40%
Sans s : groupe de rock français des années 1980 issu de la scène marseillaise // avec un s : groupe de rock indépendant britannique formé en 2005 et promoteur de la new rave Klaxon
36%
Ville colombienne qui se situe sur la côte Caraïbe, dans le département d'Antioquia (163 525 habitants en 2016) Turbo
36%
Nom d'un département français d'Algérie entre 1958 et 1959 Bougie
24%
Tueur en série du film Rubber de Quentin Dupieux, sorti en 2010. Ayant des pouvoirs psychokinétiques, il commence une frénésie meurtrière en plein désert californien Pneu
22%
Nom d'un magazine mensuel français consacré aux anciennes automobiles fondé en 1988 (en kiosque le 25 du mois) Rétroviseur
22%
Aucun quiz correspondant
Distribution des résultats
% des personnes avec chaque résultat
Percentile par nombre de réponses
Votre historique - résultats
Vous n’avez pas pris ce quiz